000 00409nam a2200181Ia 4500
001 11195
005 20260306161928.0
008 260306t2014||||xx |||||||||||||| ||spa||
041 _aESP
082 _a985.0122
_bU28
100 _aUhle, Max
_eAUT
245 0 _aLas ruinas de Moche
260 _c2014
300 _a349 páginas :
_c24 cm.
650 _aGEN
654 _aCHU
942 _cLIB
_dJUS
_fJUS
_2ddc
_n
999 _c11195
_d11195